| 000 | 00543nam a2200193Ia 4500 | ||
|---|---|---|---|
| 999 |
_c15152 _d15152 |
||
| 003 | OSt | ||
| 005 | 20201020114507.0 | ||
| 008 | 190216s9999||||xx |||||||||||||| ||und|| | ||
| 020 | _a9780415752329 | ||
| 040 | _coclc | ||
| 082 |
_a809.89287 _2JAC/W |
||
| 100 |
_aJacobus, Mary _95489 |
||
| 245 | 0 |
_aWomen Writng And Writing About Women / _cMary Jacobus |
|
| 250 | _a2nd Ed. | ||
| 260 |
_bRoutledge, _c2014. _alondon: |
||
| 300 | _a199p | ||
| 650 | _aEnglish | ||
| 942 |
_cBK _2ddc _h809.89287 _iJAC/W _k809.89287 _mJAC/W |
||